000 01780nam a22003855i 4500
999 _c1120
_d1120
001 WH201783125
003 OSt
005 20211008110427.0
008 180416r20172002enka erb 001 0deng d
020 _a9780008225667
040 _beng
_dCaOL
_erda
_cKH8
082 _aFIC BYR
100 1 _aByrne, Paula.
_eauthor.
245 1 4 _aThe Genius of Jane Austen :
_bHer Love of Theatre and Why She Is a Hit in Hollywood /
_cPaula Byrne.
246 3 0 _aJane Austen :
_bHer Love of Theatre and Why She Is a Hit in Hollywood.
246 3 0 _aAusten :
_bHer Love of Theatre and Why She Is a Hit in Hollywood.
264 1 _aLondon :
_bWilliam Collins,
_c[2017]
264 4 _c2002.
300 _axvii, 334 pages :
_billustrations.
336 _atext
_2rdacontent.
337 _aunmediated
_2rdamedia.
338 _avolume
_2rdacarrier.
500 _a"First published in Great Britian in 2002 by Hambledon and London. This updated edition published in 2017 by William Collins." --Copyright page.
504 _aIncludes bibliographical references and index.
520 _aA radical look at Jane Austen As you've never seen her - as a lover of farce, comic theatre and juvenilia. The Genius of Jane Austen celebrates Britain's favourite novelist 200 years after her death and explores why her books make such awesome movies, time after time.
600 1 0 _aAusten, Jane,
_d1775-1817.
600 1 0 _aAusten, Jane,
_d1775-1817
_xCriticism and interpretation.
600 1 0 _aAusten, Jane,
_d1775-1817
_xAdaptations.
650 0 _aAuthors and theater.
650 0 _aAuthors and theater
_zGreat Britain
_xHistory.
650 0 _aMotion pictures and literature
_xHistory.
650 0 _aNovelists, English
_y19th century
_xHistory and criticism.
690 _aNew Apr 2018.
942 _2ddc
_cFIC